| Tag |
First Indicator |
Second Indicator |
Subfields |
| LEADER |
00000cam a2200000 a 4500 |
| 001 |
in00001069323 |
| 005 |
20150929093031.0 |
| 008 |
850117s1984 txuk s00110 eng d |
| 035 |
|
|
|a (OCoLC)11590374
|
| 035 |
|
|
|9 AFM7726AM
|
| 040 |
|
|
|a IKM
|c IKM
|d UtOrBLW
|
| 049 |
|
|
|a IKMd
|
| 086 |
|
|
|a P3500.4 R861 1984
|2 txdocs
|
| 099 |
|
9 |
|a P3500.4
|a R861
|a 1984
|
| 110 |
1 |
|
|a Texas.
|b Department of Public Safety.
|
| 245 |
1 |
0 |
|a Rules and regulations governing the licensing of commercial driver training schools and instructors :
|b adopted pursuant to H. B. 568, acts of 60th Texas Legislature, to provide for the licensing of commercial driver training schools and instructors and providing penalties for violations /
|c Texas Department of Public Safety.
|
| 264 |
|
1 |
|a [Austin] :
|b The Dept.,
|c [1984?]
|
| 300 |
|
|
|a xii, 22 pages, 34 unnumbered pages :
|b forms ;
|c 28 cm.
|
| 336 |
|
|
|a text
|b txt
|2 rdacontent
|
| 337 |
|
|
|a unmediated
|b n
|2 rdamedia
|
| 338 |
|
|
|a volume
|b nc
|2 rdacarrier
|
| 500 |
|
|
|a "Effective 4-1-80."
|
| 500 |
|
|
|a "DL-CDTS-13."
|
| 500 |
|
|
|a Includes index.
|
| 650 |
|
0 |
|a Automobile driver education
|z Texas.
|
| 999 |
|
|
|a MARS
|
| 999 |
f |
f |
|s 6dd0607d-3b2b-3e31-8e65-74adae9ecdbb
|i 6f533a7f-af53-32f7-b424-14aef28c9141
|t 0
|
| 952 |
f |
f |
|p normal
|a Texas A&M University
|b College Station
|c Sterling C. Evans Library
|d Evans: Texas Documents (Annex 5th floor)
|t 0
|e P3500.4 R861 1984
|h Other scheme
|i unmediated -- volume
|m A14815834013
|
| 998 |
f |
f |
|a P3500.4 R861 1984
|t 0
|l Evans: Texas Documents (Annex 5th floor)
|